Middle East & North Africa Capitals Quiz - Statistics

General Stats
  • This quiz has been taken 1,246 times
  • The average score is 17 of 22
Answer Stats
Country Capital % Correct
Egypt Cairo
96%
Israel Jerusalem
91%
Iran Tehran
90%
Algeria Algiers
88%
Iraq Baghdad
87%
Kuwait Kuwait
86%
Afghanistan Kabul
82%
Lebanon Beirut
81%
Jordan Amman
78%
Morocco Rabat
78%
Tunisia Tunis
78%
UAE Abu Dhabi
77%
Turkey Ankara
77%
Libya Tripoli
77%
Syria Damascus
76%
Saudi Arabia Riyadh
75%
Qatar Doha
71%
Oman Muscat
71%
Yemen Sana'a
67%
Bahrain Manama
66%
Sudan Khartoum
56%
Palestine Ramallah
41%
No matching quizzes found
Score Distribution
Percent of People with Each Score
Percentile by Number Answered
Your Score History
You have not taken this quiz